000 00558nam a2200181Ia 4500
003 IN-BaIIA
008 211028s9999 xx 000 0 eng d
040 _cIIA Library
080 _a533.5(047.1)
_bADV-I
245 0 _aAdvances in vacuum science and technology
_bvol. I
_cedited by E.Thomas
260 _aOxford
_bPergamon Press
_c1960
300 _axxxviii, 469p.
650 _aNASA Thesaurus
650 _aVacuum physics
_92238
650 _aVacuum systems
_93795
700 _aThomas, E., ed.
_93796
942 _cBK
999 _c2013
_d2013